上海轨道交通站名 Shanghai Rail Transit Stations - Statistics

General Stats
  • This quiz has been taken 200 times
    88 since last reset
  • The average score is 247 of 540
Answer Stats
站名 Station % Correct
虹桥火车站
93%
莘庄
86%
人民广场
86%
上海火车站
86%
南京东路
86%
一大会址·新天地
86%
上海南站
82%
南京西路
82%
陆家嘴
82%
世纪大道
82%
龙阳路
82%
虹桥2号航站楼
82%
一大会址·黄陂南路
79%
富锦路
79%
国家会展中心
79%
中山公园
79%
张江高科
79%
宜山路
79%
东方体育中心
79%
浦电路
79%
滴水湖
79%
虹桥1号航站楼
79%
浦东1号2号航站楼
79%
锦江乐园
75%
静安寺
75%
上海松江站
75%
迪士尼
75%
上海体育馆
71%
虹口足球场
71%
奉贤新城
71%
松江大学城
71%
交通大学
71%
花桥
71%
上海赛车场
71%
外环路
68%
漕宝路
68%
徐家汇
68%
淞虹路
68%
浦东南路
68%
江杨北路
68%
美兰湖
68%
佘山
68%
上海动物园
68%
豫园
68%
新江湾城
68%
嘉定北
68%
上海西站
68%
上海游泳馆
68%
龙华
68%
三林
68%
罗山路
68%
东方绿舟
68%
复旦大学
68%
汉中路
64%
江苏路
64%
上海科技馆
64%
海天三路
64%
虹桥路
64%
曹杨路
64%
宝山路
64%
上海体育场
64%
上海大学
64%
五角场
64%
基隆路
64%
嘉定新城
64%
常熟路
61%
陕西南路
61%
娄山关路
61%
广兰路
61%
川沙
61%
金沙江路
61%
西藏南路
61%
花木路
61%
沈杜公路
61%
市光路
61%
醉白池
61%
漕河泾开发区
61%
曹路
61%
紫竹高新区
61%
书院
61%
莲花路
57%
衡山路
57%
呼兰路
57%
海伦路
57%
东川路
57%
闵行开发区
57%
外高桥保税区南
57%
外高桥保税区北
57%
港城路
57%
顾村公园
57%
大世界
57%
泗泾
57%
中春路
57%
七宝
57%
桂林路
57%
上海图书馆
57%
同济大学
57%
嘉定西
57%
七莘路
57%
航头
57%
金山卫
57%
上海马戏城
54%
蟠祥路·国家会计学院
54%
北新泾
54%
唐镇
54%
石龙路
54%
漕溪路
54%
浦东大道
54%
颛桥
54%
老西门
54%
松江新城
54%
马当路
54%
金海路
54%
航中路
54%
龙溪路
54%
江湾体育场
54%
南翔
54%
世博大道
54%
临港大道
54%
朱家角
54%
春申
54%
新闸路
50%
中山北路
50%
共富新村
50%
世纪公园
50%
远东大道
50%
龙漕路
50%
东宝兴路
50%
铁力路
50%
大连路
50%
塘桥
50%
大木桥路
50%
春申路
50%
肇嘉浜路
50%
中华艺术宫
50%
洞泾
50%
小南门
50%
天潼路
50%
安亭
50%
上海汽车城
50%
马陆
50%
真如
50%
三林东
50%
桂林公园
50%
华夏中路
50%
封浜
50%
野生动物园
50%
惠南
50%
西岑
50%
三林南
50%
上海国际旅游度假区
50%
延安西路
46%
中潭路
46%
长江南路
46%
友谊路
46%
临平路
46%
蓝村路
46%
鲁班路
46%
银都路
46%
金海湖
46%
长寿路
46%
龙华中路
46%
西藏北路
46%
四平路
46%
松江体育中心
46%
九亭
46%
打浦桥
46%
高桥
46%
陈翔公路
46%
金运路
46%
自然博物馆
46%
淮海中路
46%
景洪路
46%
华东理工大学
46%
惠南东
46%
上海财经大学
46%
新桥
46%
威宁路
43%
镇坪路
43%
大柏树
43%
东安路
43%
剑川路
43%
江川路
43%
西渡
43%
源深体育中心
43%
陆家浜路
43%
曲阜路
43%
嘉善路
43%
伊犁路
43%
四川北路
43%
康新公路
43%
复兴岛
43%
大渡河路
43%
青浦新城
43%
康桥
43%
车墩
43%
金山园区
43%
康桥东
43%
彭浦新村
39%
金科路
39%
创新中路
39%
殷高西路
39%
南浦大桥
39%
北桥
39%
金平路
39%
华宁路
39%
萧塘
39%
望园路
39%
上海儿童医学中心
39%
浦江镇
39%
黄兴公园
39%
杨高中路
39%
金桥
39%
紫藤路
39%
水城路
39%
宋园路
39%
邮电新村
39%
兆丰路
39%
隆德路
39%
浦三路
39%
世博会博物馆
39%
红宝石路
39%
鹤沙航城
39%
航头东
39%
叶榭
39%
亭林
39%
延长路
36%
友谊西路
36%
华夏东路
36%
凌空路
36%
杨树浦路
36%
向城路
36%
奉浦大道
36%
环城东路
36%
华夏西路
36%
罗南新村
36%
刘行
36%
上大路
36%
后滩
36%
江月路
36%
江浦路
36%
黄兴路
36%
星中路
36%
合川路
36%
商城路
36%
蓝天路
36%
国权路
36%
三门路
36%
光明路
36%
白银路
36%
桃浦新村
36%
李子园
36%
云锦路
36%
御桥
36%
国际客运中心
36%
提篮桥
36%
爱国路
36%
金沙江西路
36%
武宁路
36%
江宁路
36%
真新新村
36%
吴中路
36%
周浦东
36%
下沙
36%
周浦
36%
通河新村
32%
赤峰路
32%
江湾镇
32%
张华浜
32%
水产路
32%
文井路
32%
上南路
32%
高科西路
32%
潘广路
32%
长清路
32%
杨高南路
32%
鞍山新村
32%
龙柏新村
32%
高桥西
32%
康恒路
32%
秀沿路
32%
江浦公园
32%
张江路
32%
中宁路
32%
浦东足球场
32%
桂桥路
32%
景西路
32%
新场
32%
东明路
29%
民生路
29%
巨峰路
29%
昌平路
29%
锦绣路
29%
中兴路
29%
延吉中路
29%
嫩江路
29%
殷高东路
29%
国帆路
29%
双江路
29%
龙耀路
29%
铜川路
29%
源深路
29%
永德路
29%
双柏路
29%
虹梅南路
29%
罗秀路
29%
徐盈路
29%
徐泾北城
29%
赵巷
29%
漕盈路
29%
抚顺路
29%
殷高路
29%
爱辉路
29%
康文路
29%
汇臻路
29%
灵岩南路
25%
临沂新村
25%
博兴路
25%
五莲路
25%
东靖路
25%
五洲大道
25%
祁华路
25%
南陈路
25%
大场镇
25%
耀华路
25%
云台路
25%
芳华路
25%
台儿庄路
25%
金吉路
25%
顾唐路
25%
昌吉东路
25%
武威路
25%
虹莘路
25%
虹梅路
25%
宁国路
25%
丰庄
25%
武定路
25%
昌邑路
25%
朱梅路
25%
长风公园
25%
淀山湖大道
25%
共康路
21%
宝安公路
21%
淞发路
21%
淞滨路
21%
宝杨路
21%
高青路
21%
金桥路
21%
洲海路
21%
航津路
21%
行知路
21%
岚皋路
21%
凌兆新村
21%
杨思
21%
翔殷路
21%
祁连山路
21%
虹漕路
21%
隆昌路
21%
杨高北路
21%
金京路
21%
北蔡
21%
莲溪路
21%
中科路
21%
黄杨路
21%
金粤路
21%
元江路
21%
曙建路
21%
姚虹路
21%
迎春路
21%
通南路
21%
长江西路
21%
三鲁公路
21%
东城一路
21%
汶水路
18%
北洋泾路
18%
德平路
18%
云山路
18%
大华三路
18%
新村路
18%
联航路
18%
芦恒路
18%
成山路
18%
民雷路
18%
枫桥路
18%
顾戴路
18%
东兰路
18%
祁连山南路
18%
真北路
18%
下南路
18%
嘉怡路
18%
真光路
18%
古浪路
18%
锦秋路
18%
蟠龙路
18%
汇金路
18%
沈梅路
18%
闵瑞路
18%
场中路
14%
曲阳路
14%
芳甸路
14%
东陆路
14%
华鹏路
14%
陈春路
14%
学林路
14%
临洮路
14%
定边路
14%
歇浦路
14%
云顺路
14%
梅岭北路
14%
武威东路
14%
嘉松中路
14%
繁荣路
14%
北中路
14%
芳芯路
14%
申江路
11%
乐秀路
11%
南大路
11%
鹤涛路
11%
丹阳路
11%
平凉路
11%
浦航路
11%
祁安路
7%
丰翔路
7%
No matching quizzes found
Score Distribution
Percent of People with Each Score
Percentile by Number Answered
Your Score History
You have not taken this quiz since the last reset